Ninjago S14 - Statistics

General Stats
  • This quiz has been taken 54 times
  • The average score is 6 of 15
Answer Stats
Hint Answer % Correct
Main ninja in Seabound Nya
100%
Big water serpent Wojira
82%
One of the two amulets The storm amulet
76%
Prince/King of Merlopia Kalmaar
68%
His name Benthomaar
58%
One of the two amulets The wave amulet
50%
Location where was the final battle in this season Ninjago city / NGTV tower
37%
Nya became One with the sea
29%
Region’s name where Keepers Island is Storm belt
26%
Prince/King of Merlopia’s servant Gripe
24%
Got killed by his own son King Trimaar
18%
Final episode name The Turn of The Tide
18%
Merlopia is located in The Endless Sea
13%
Prince/King of Merlopia had Brother
8%
Prince/King of Merlopia’s destiny To get eaten by Wojira
3%
No matching quizzes found
Score Distribution
Percent of People with Each Score
Percentile by Number Answered
Your Score History
You have not taken this quiz